[Event "Tata Steel Chess 2020 GM-B"]
[Site "Wijk aan Zee NED"]
[Date "2020.01.11"]
[Round "1.1"]
[White "Saduakassova, Dinara"]
[Black "Mamedov, Rauf"]
[Result "1/2-1/2"]
[WhiteElo "2519"]
[BlackElo "2659"]
[PlyCount "55"]
[EventDate "2020.01.11"]
[EventType "tourn"]
[EventRounds "13"]
[EventCountry "NED"]
[SourceTitle "Ajedrez en Madrid"]
[Source "lmi"]
[SourceDate "2020.01.11"]
[SourceVersion "1"]
[SourceVersionDate "2020.01.19"]
[SourceQuality "1"]

1. d4 d5 2. c4 e6 3. Nf3 a6 4. cxd5 exd5 5. Nc3 Nf6 6. Bg5 Be6 7. e3 Nbd7 8.
Bd3 h6 9. Bf4 g5 10. Bg3 Nh5 11. Qc2 Nxg3 12. hxg3 Bg7 13. Bf5 Qf6 14. g4 O-O-O
15. O-O-O Kb8 16. Kb1 c6 17. Ne2 Bxf5 18. Qxf5 Qxf5+ 19. gxf5 g4 20. Ne1 h5 21.
g3 Bf6 22. Nf4 h4 23. gxh4 Bxh4 24. Ned3 Bg5 25. Ne2 Bh4 26. Nef4 Bg5 27. Ne2
Bh4 28. Nef4 1/2-1/2

[Event "Tata Steel Chess 2020 GM-B"]
[Site "Wijk aan Zee NED"]
[Date "2020.01.11"]
[Round "1.2"]
[White "Anton Guijarro, David"]
[Black "Abdusattorov, Nodirbek"]
[Result "1/2-1/2"]
[WhiteElo "2694"]
[BlackElo "2635"]
[PlyCount "148"]
[EventDate "2020.01.11"]
[EventType "tourn"]
[EventRounds "13"]
[EventCountry "NED"]
[SourceTitle "Ajedrez en Madrid"]
[Source "lmi"]
[SourceDate "2020.01.11"]
[SourceVersion "1"]
[SourceVersionDate "2020.01.19"]
[SourceQuality "1"]

1. Nf3 Nf6 2. c4 e6 3. Nc3 d5 4. e3 a6 5. b3 c5 6. Bb2 Nc6 7. cxd5 exd5 8. Rc1
Bg4 9. Na4 Nd7 10. Be2 b5 11. Nc3 Nb6 12. a4 b4 13. Nb1 Be6 14. O-O Na5 15. d3
f6 16. Nbd2 Be7 17. Qc2 O-O 18. Qb1 Rc8 19. Bd1 Kh8 20. Bc2 Bg8 21. Rfe1 Bd6
22. Ba1 Re8 23. h4 h6 24. Nf1 Bf7 25. N1d2 Bh5 26. Bd1 Bg6 27. Bc2 Qd7 28. Nf1
Nc6 29. Bb2 d4 30. exd4 cxd4 31. Rxe8+ Rxe8 32. Re1 Rc8 33. Nxd4 Nxd4 34. Bxd4
Nd5 35. Qd1 Nf4 36. Bb1 Bb8 37. Be3 Bh5 38. f3 Bf7 39. d4 Qd6 40. Bxf4 Qxf4 41.
Qd3 Bg8 42. g3 Qd6 43. Kg2 a5 44. Qe4 Rd8 45. Rd1 Qc7 46. Bc2 Qc8 47. Rd2 Re8
48. Qd3 Rd8 49. Ne3 Qc7 50. Qg6 Ba7 51. Ng4 Qf7 52. Qxf7 Bxf7 53. Ne3 Rxd4 54.
Rxd4 Bxd4 55. Nc4 Bxc4 56. bxc4 Kg8 57. Kf1 Kf7 58. Ke2 Ke6 59. g4 h5 60. gxh5
Ke5 61. Be4 Kf4 62. Kd3 Bc5 63. Bc6 Bf2 64. Bd5 Ke5 65. Be4 f5 66. Bb7 f4 67.
Bc8 Bxh4 68. Kc2 Kd4 69. Kb3 Be7 70. Bd7 Ke3 71. Bc6 Bd6 72. Bd5 Be7 73. Bc6
Bd6 74. Bd5 Be7 1/2-1/2

[Event "Tata Steel Chess 2020 GM-B"]
[Site "Wijk aan Zee NED"]
[Date "2020.01.11"]
[Round "1.4"]
[White "Ganguly, Surya Shekhar"]
[Black "Warmerdam, Max"]
[Result "1-0"]
[WhiteElo "2636"]
[BlackElo "2498"]
[PlyCount "81"]
[EventDate "2020.01.11"]
[EventType "tourn"]
[EventRounds "13"]
[EventCountry "NED"]
[SourceTitle "Ajedrez en Madrid"]
[Source "lmi"]
[SourceDate "2020.01.11"]
[SourceVersion "1"]
[SourceVersionDate "2020.01.19"]
[SourceQuality "1"]

1. e4 c5 2. Nf3 d6 3. d4 cxd4 4. Nxd4 Nf6 5. Nc3 a6 6. Be3 e5 7. Nf3 Be7 8. h3
O-O 9. g4 Be6 10. g5 Nh5 11. Qd2 Nd7 12. O-O-O Rc8 13. Kb1 Nb6 14. h4 Qc7 15.
Bh3 Nc4 16. Qd3 Qd7 17. Ng1 Bd8 18. Bc1 Ba5 19. Nd5 Nb6 20. Qe2 g6 21. Nf6+
Nxf6 22. gxf6 Na4 23. Rd3 Bd8 24. Rf3 Qb5 25. Qxb5 axb5 26. Bh6 Nc5 27. h5 g5
28. Bxe6 fxe6 29. Bxf8 Kxf8 30. Rc3 b4 31. Rc4 Ba5 32. Nf3 h6 33. Rd1 b5 34.
Rxc5 Rxc5 35. Rxd6 Kf7 36. Rd7+ Kxf6 37. Rh7 g4 38. Rxh6+ Ke7 39. Rh7+ Kf6 40.
Rh6+ Ke7 41. Ng5 1-0

[Event "Tata Steel Chess 2020 GM-B"]
[Site "Wijk aan Zee NED"]
[Date "2020.01.11"]
[Round "1.6"]
[White "Keymer, Vincent"]
[Black "Eljanov, Pavel"]
[Result "0-1"]
[WhiteElo "2527"]
[BlackElo "2650"]
[PlyCount "138"]
[EventDate "2020.01.11"]
[EventType "tourn"]
[EventRounds "13"]
[EventCountry "NED"]
[SourceTitle "Ajedrez en Madrid"]
[Source "lmi"]
[SourceDate "2020.01.11"]
[SourceVersion "1"]
[SourceVersionDate "2020.01.19"]
[SourceQuality "1"]

1. d4 Nf6 2. c4 e6 3. Nf3 d5 4. Nc3 c6 5. e3 Nbd7 6. Qc2 Bd6 7. Bd3 O-O 8. O-O
dxc4 9. Bxc4 e5 10. h3 Qe7 11. Bb3 a5 12. a3 Bc7 13. Bd2 h6 14. Rad1 Re8 15.
dxe5 Nxe5 16. Nd4 c5 17. Nf5 Bxf5 18. Qxf5 c4 19. Ba2 Rad8 20. Bc1 Bb8 21. Nb5
Rc8 22. f4 Rc5 23. fxe5 Rxe5 24. Qc2 Rxb5 25. Bxc4 Rg5 26. e4 Qc7 27. Bf4 Qc5+
28. Kh1 Bxf4 29. Rxf4 b5 30. Bb3 Qxc2 31. Bxc2 Kf8 32. Rd2 Nh5 33. Rf3 Ng3+ 34.
Kh2 Nxe4 35. Bxe4 Rxe4 36. Rd7 f6 37. Rc3 Re7 38. Rc8+ Kf7 39. Rxe7+ Kxe7 40.
b3 Rd5 41. Rc7+ Kf8 42. Rb7 Kg8 43. Kg1 Kh7 44. Ra7 b4 45. axb4 axb4 46. Rb7
Rd4 47. Kf2 f5 48. Ke3 Re4+ 49. Kf3 h5 50. Rb6 h4 51. Rb7 Kh6 52. Rb5 Kg5 53.
Rb7 g6 54. Rb8 Kf6 55. Rb6+ Ke5 56. Rb5+ Kd6 57. Rb6+ Kc5 58. Rxg6 Kd4 59. Rc6
Re3+ 60. Kf4 Rxb3 61. Rh6 Re3 62. Kxf5 Re5+ 63. Kg4 Re4+ 64. Kf5 b3 65. Rb6 Re3
66. Kg4 Kc5 67. Rf6 Re4+ 68. Kg5 b2 69. Rf1 Kb4 0-1

[Event "Tata Steel Chess 2020 GM-B"]
[Site "Wijk aan Zee NED"]
[Date "2020.01.11"]
[Round "1.7"]
[White "Nihal, Sarin"]
[Black "Grandelius, Nils"]
[Result "1/2-1/2"]
[WhiteElo "2618"]
[BlackElo "2673"]
[PlyCount "206"]
[EventDate "2020.01.11"]
[EventType "tourn"]
[EventRounds "13"]
[EventCountry "NED"]
[SourceTitle "Ajedrez en Madrid"]
[Source "lmi"]
[SourceDate "2020.01.11"]
[SourceVersion "1"]
[SourceVersionDate "2020.01.19"]
[SourceQuality "1"]

1. Nf3 c5 2. e4 d6 3. d4 cxd4 4. Qxd4 Nf6 5. Be2 g6 6. O-O Bg7 7. Qe3 O-O 8. h3
Nbd7 9. c4 b6 10. Nc3 Bb7 11. Rd1 Nc5 12. e5 Nfe4 13. Nxe4 Nxe4 14. Qa3 Qc8 15.
Be3 Rd8 16. Rac1 Qe6 17. exd6 Rxd6 18. Re1 Qf6 19. b4 h6 20. c5 bxc5 21. bxc5
Rdd8 22. Nh2 h5 23. Bf3 Bc6 24. Nf1 Rdc8 25. Rc4 Nc3 26. Rf4 Qe6 27. Bd2 Qxa2
28. Qxa2 Nxa2 29. Rxe7 a5 30. Rfxf7 Bf8 31. Bxc6 Rxc6 32. Ra7 Rxa7 33. Rxa7
Rxc5 34. Bxa5 Nc3 35. Ne3 Ne2+ 36. Kf1 Nf4 37. Bd2 Rb5 38. Ra1 Bg7 39. Rd1 Rb2
40. Nc4 Rc2 41. Nd6 Nd3 42. Ne4 Nc5 43. Ng5 Bf6 44. Be3 Bxg5 45. Bxg5 Ne6 46.
Be3 Rc7 47. Ke2 Kf7 48. Kf3 Rb7 49. Ra1 Kf6 50. Ra6 Rb4 51. g3 Rc4 52. Rb6 Kf7
53. Rd6 Ke7 54. Ra6 Kf6 55. Ke2 Kf7 56. Kd3 Rc7 57. Rb6 Ra7 58. Rb4 Re7 59. Rb5
Rd7+ 60. Ke4 Re7 61. Kf3 Rc7 62. Rb4 Re7 63. g4 hxg4+ 64. hxg4 Re8 65. Kg3 Re7
66. Ra4 Rc7 67. f4 Rc3 68. Kf3 Rc7 69. Ra2 Rc4 70. Rd2 Ke7 71. Rd1 Ra4 72. f5
gxf5 73. gxf5 Kf6 74. fxe6 Kxe6 75. Bf4 Ra3+ 76. Kg4 Ra6 77. Rd4 Rc6 78. Kf3
Ra6 79. Ke4 Ra1 80. Rd6+ Ke7 81. Rb6 Kd7 82. Be5 Re1+ 83. Kd5 Rd1+ 84. Bd4 Rd2
85. Rb7+ Kd8 86. Rh7 Rd1 87. Ke5 Kc8 88. Bc5 Rd7 89. Rh1 Rd2 90. Bd6 Kd7 91.
Rh7+ Kc6 92. Rc7+ Kb5 93. Rc5+ Ka4 94. Rc1 Kb5 95. Bc5 Rh2 96. Bd4 Rh5+ 97. Kd6
Rh6+ 98. Kd5 Rh5+ 99. Be5 Rg5 100. Rb1+ Ka5 101. Rb3 Rh5 102. Rb7 Rg5 103. Rg7
Rxg7 1/2-1/2

[Event "Tata Steel Chess 2020 GM-B"]
[Site "Wijk aan Zee NED"]
[Date "2020.01.12"]
[Round "2.1"]
[White "Warmerdam, Max"]
[Black "L'Ami, Erwin"]
[Result "1/2-1/2"]
[WhiteElo "2498"]
[BlackElo "2606"]
[PlyCount "132"]
[EventDate "2020.01.11"]
[EventType "tourn"]
[EventRounds "13"]
[EventCountry "NED"]
[SourceTitle "Ajedrez en Madrid"]
[Source "lmi"]
[SourceDate "2020.01.11"]
[SourceVersion "1"]
[SourceVersionDate "2020.01.19"]
[SourceQuality "1"]

1. e4 e5 2. Nf3 Nc6 3. Bb5 a6 4. Ba4 Nf6 5. O-O Be7 6. Re1 b5 7. Bb3 O-O 8. a4
Bb7 9. d3 d6 10. Nc3 b4 11. Nd5 Nxd5 12. Bxd5 Rb8 13. b3 Bf6 14. Bb2 Re8 15.
Qd2 Qc8 16. Rad1 Ne7 17. Bxb7 Qxb7 18. d4 Ng6 19. dxe5 Bxe5 20. Nxe5 dxe5 21.
Qd5 Qxd5 22. Rxd5 f6 23. Rc5 Nf4 24. Rc6 a5 25. Bc1 Ne6 26. Be3 Rbd8 27. Kf1
Kf7 28. c3 bxc3 29. Rc1 Rd4 30. f3 Rb8 31. R6xc3 Rdb4 32. Bd2 Rxb3 33. Rxb3
Rxb3 34. Bxa5 Ra3 35. Bxc7 Rxa4 36. Bb6 Ra3 37. Rc2 g5 38. Kf2 h5 39. h3 g4 40.
hxg4 hxg4 41. Bc5 Rb3 42. fxg4 Ng5 43. Rc4 Rb2+ 44. Kf1 Rb1+ 45. Kf2 Rb2+ 46.
Kf1 Kg6 47. Be3 Ra2 48. Rb4 Rc2 49. Ra4 Nf7 50. g5 Nxg5 51. Bxg5 Kxg5 52. Ra3
Rc6 53. Rf3 Rc1+ 54. Kf2 Rc2+ 55. Kf1 Ra2 56. Rf5+ Kg6 57. g4 Ra4 58. g5 Rxe4
59. Rxf6+ Kxg5 60. Rf8 Rf4+ 61. Rxf4 Kxf4 62. Kf2 e4 63. Ke2 e3 64. Ke1 Kf3 65.
Kf1 e2+ 66. Ke1 Ke3 1/2-1/2

[Event "Tata Steel Chess 2020 GM-B"]
[Site "Wijk aan Zee NED"]
[Date "2020.01.12"]
[Round "2.3"]
[White "Saduakassova, Dinara"]
[Black "Anton Guijarro, David"]
[Result "1/2-1/2"]
[WhiteElo "2519"]
[BlackElo "2694"]
[PlyCount "55"]
[EventDate "2020.01.11"]
[EventType "tourn"]
[EventRounds "13"]
[EventCountry "NED"]
[SourceTitle "Ajedrez en Madrid"]
[Source "lmi"]
[SourceDate "2020.01.11"]
[SourceVersion "1"]
[SourceVersionDate "2020.01.19"]
[SourceQuality "1"]

1. d4 f5 2. c4 Nf6 3. Nc3 e6 4. Qc2 Bb4 5. e3 b6 6. Bd3 Bb7 7. f3 O-O 8. Nge2
Bd6 9. Bd2 Na6 10. a3 c5 11. O-O-O cxd4 12. exd4 Rc8 13. Kb1 Nc7 14. Rhe1 Kh8
15. Bf4 Bxf4 16. Nxf4 b5 17. cxb5 Ncd5 18. Nfxd5 Nxd5 19. Qb3 Qh4 20. Na4 Qxd4
21. Bxf5 Qf2 22. Be4 Qxg2 23. Ka1 Qf2 24. Rf1 Qe2 25. Rfe1 Qf2 26. Rf1 Qe2 27.
Rfe1 Qf2 28. Rf1 1/2-1/2

[Event "Tata Steel Chess 2020 GM-B"]
[Site "Wijk aan Zee NED"]
[Date "2020.01.12"]
[Round "2.5"]
[White "Eljanov, Pavel"]
[Black "Nihal, Sarin"]
[Result "1/2-1/2"]
[WhiteElo "2650"]
[BlackElo "2618"]
[PlyCount "107"]
[EventDate "2020.01.11"]
[EventType "tourn"]
[EventRounds "13"]
[EventCountry "NED"]
[SourceTitle "Ajedrez en Madrid"]
[Source "lmi"]
[SourceDate "2020.01.11"]
[SourceVersion "1"]
[SourceVersionDate "2020.01.19"]
[SourceQuality "1"]

1. e4 c5 2. Nf3 e6 3. d4 cxd4 4. Nxd4 Nc6 5. Nc3 Qc7 6. f4 a6 7. Nxc6 Qxc6 8.
Bd3 b5 9. Qe2 Bb7 10. Bd2 Be7 11. a3 Rc8 12. O-O-O Nf6 13. Rhe1 b4 14. axb4
Bxb4 15. g4 d6 16. e5 dxe5 17. g5 Bxc3 18. Bxc3 Nd7 19. Bxe5 Nxe5 20. Qxe5 O-O
21. Qe4 Qxe4 22. Bxe4 Bxe4 23. Rxe4 Rc6 24. c4 h6 25. gxh6 g6 26. Rd3 Kh7 27.
Rh3 Rd8 28. b3 a5 29. Kb2 Rd2+ 30. Ka3 Rf2 31. Re5 Ra6 32. Ka4 Ra8 33. Rc5 Rb8
34. Ka3 Ra8 35. Rh4 Ra7 36. Rb5 Rf3 37. Ka4 Rf1 38. Rb6 Ra1+ 39. Kb5 a4 40.
bxa4 R1xa4 41. Rb7 R7a5+ 42. Kb6 Rf5 43. Rc7 Rb4+ 44. Ka6 e5 45. fxe5 Rf1 46.
Rc5 Ra1+ 47. Ra5 Rc1 48. Rf4 Rcxc4 49. Rxf7+ Kxh6 50. Re7 Kg5 51. Ra2 Ra4+ 52.
Rxa4 Rxa4+ 53. Kb5 Ra2 54. Kc5 1/2-1/2

[Event "Tata Steel Chess 2020 GM-B"]
[Site "Wijk aan Zee NED"]
[Date "2020.01.12"]
[Round "2.6"]
[White "Mamedov, Rauf"]
[Black "Grandelius, Nils"]
[Result "1-0"]
[WhiteElo "2659"]
[BlackElo "2673"]
[PlyCount "101"]
[EventDate "2020.01.11"]
[EventType "tourn"]
[EventRounds "13"]
[EventCountry "NED"]
[SourceTitle "Ajedrez en Madrid"]
[Source "lmi"]
[SourceDate "2020.01.11"]
[SourceVersion "1"]
[SourceVersionDate "2020.01.19"]
[SourceQuality "1"]

1. e4 e5 2. Nf3 Nc6 3. Bc4 Nf6 4. Ng5 d5 5. exd5 Na5 6. Bb5+ c6 7. dxc6 bxc6 8.
Bd3 Nd5 9. h4 h6 10. Qh5 Qf6 11. Ne4 Qe6 12. b3 g6 13. Qe2 f5 14. Ng3 e4 15.
Bb2 Nf4 16. Bc4 Nxc4 17. Qxc4 Qxc4 18. bxc4 Rg8 19. Be5 g5 20. hxg5 hxg5 21.
Nh5 Nxh5 22. Rxh5 Rg6 23. Nc3 Re6 24. Bd4 Ba6 25. g4 fxg4 26. Rxg5 O-O-O 27.
Be3 Bb4 28. Rxg4 Bxc3 29. dxc3 Bxc4 30. Bxa7 Rh6 31. Rg1 Rhd6 32. Bd4 Rd5 33.
a4 R8d7 34. Rb1 Ra5 35. Rg6 c5 36. Be5 Rb7 37. Rc6+ Kd7 38. Rd6+ Kc8 39. Rbd1
Rh7 40. Rd8+ Kb7 41. Rb1+ Ka6 42. Kd2 Rxa4 43. Bd6 Rb7 44. Ra8+ Ra7 45. Rc8 Rd7
46. Rc6+ Ka7 47. Ke3 Rb7 48. Bxc5+ Kb8 49. Rxb7+ Kxb7 50. Rb6+ Kc7 51. Rb4 1-0

[Event "Tata Steel Chess 2020 GM-B"]
[Site "Wijk aan Zee NED"]
[Date "2020.01.12"]
[Round "2.7"]
[White "Van Foreest, Lucas"]
[Black "Ganguly, Surya Shekhar"]
[Result "1/2-1/2"]
[WhiteElo "2523"]
[BlackElo "2636"]
[PlyCount "65"]
[EventDate "2020.01.11"]
[EventType "tourn"]
[EventRounds "13"]
[EventCountry "NED"]
[SourceTitle "Ajedrez en Madrid"]
[Source "lmi"]
[SourceDate "2020.01.11"]
[SourceVersion "1"]
[SourceVersionDate "2020.01.19"]
[SourceQuality "1"]

1. e4 c5 2. Nf3 e6 3. d4 cxd4 4. Nxd4 Nc6 5. Nc3 Qc7 6. g3 a6 7. Bg2 Nf6 8. O-O
Nxd4 9. Qxd4 Bc5 10. Bf4 d6 11. Qd2 h6 12. Rad1 e5 13. Be3 Bb4 14. Nb5 axb5 15.
Qxb4 Rxa2 16. Rxd6 O-O 17. Rd2 Be6 18. Rfd1 Ng4 19. Bc5 Rc8 20. Be7 Qb6 21. c3
Ra4 22. Qd6 Qxd6 23. Rxd6 Ra2 24. R6d2 Bb3 25. Re1 Rca8 26. Bh3 Ra1 27. Rxa1
Rxa1+ 28. Kg2 h5 29. Bxg4 hxg4 30. h3 Rd1 31. Rxd1 gxh3+ 32. Kxh3 Bxd1 33. Kg2
1/2-1/2

[Event "Tata Steel Chess 2020 GM-B"]
[Site "Wijk aan Zee NED"]
[Date "2020.01.13"]
[Round "3.1"]
[White "Ganguly, Surya Shekhar"]
[Black "Abdusattorov, Nodirbek"]
[Result "1/2-1/2"]
[WhiteElo "2636"]
[BlackElo "2635"]
[PlyCount "121"]
[EventDate "2020.01.11"]
[EventType "tourn"]
[EventRounds "13"]
[EventCountry "NED"]
[SourceTitle "Ajedrez en Madrid"]
[Source "lmi"]
[SourceDate "2020.01.11"]
[SourceVersion "1"]
[SourceVersionDate "2020.01.19"]
[SourceQuality "1"]

1. d4 Nf6 2. c4 e6 3. Nc3 Bb4 4. e3 O-O 5. Bd2 d5 6. Nf3 b6 7. cxd5 exd5 8. Rc1
Bb7 9. Bd3 a6 10. O-O Bd6 11. Ne5 c5 12. Bb1 Nbd7 13. f4 b5 14. Be1 cxd4 15.
exd4 Be7 16. Qf3 Nxe5 17. dxe5 Ne4 18. Rd1 g6 19. Nxd5 Bxd5 20. Rxd5 Qxd5 21.
Bxe4 Qd8 22. Bxa8 Qxa8 23. Qxa8 Rxa8 24. Bf2 Rc8 25. Be3 f6 26. b3 fxe5 27.
fxe5 Rc2 28. Rf2 Rc3 29. Rf3 Rc2 30. Rf2 Rc3 31. Re2 Kf7 32. e6+ Ke8 33. Kf2
Bf6 34. g4 Rc6 35. Bd2 Be7 36. Kf3 Bf6 37. Bb4 Be7 38. Be1 Bf6 39. Kf4 h6 40.
Kf3 Bg5 41. Bb4 Kd8 42. e7+ Ke8 43. Re4 Bf6 44. Re2 Bg5 45. Re4 Bf6 46. Re3 Bd4
47. Re2 Bc5 48. Bxc5 Rxc5 49. Ke4 h5 50. Kd4 Rg5 51. gxh5 Rxh5 52. Rg2 Kxe7 53.
Rxg6 a5 54. Rg2 a4 55. Rd2 axb3 56. axb3 Kd6 57. Rg2 Rh4+ 58. Kc3 Kc5 59. b4+
Kd5 60. Rg5+ Kc6 61. Rg2 1/2-1/2

[Event "Tata Steel Chess 2020 GM-B"]
[Site "Wijk aan Zee NED"]
[Date "2020.01.13"]
[Round "3.2"]
[White "Smeets, Jan"]
[Black "Saduakassova, Dinara"]
[Result "1/2-1/2"]
[WhiteElo "2585"]
[BlackElo "2519"]
[PlyCount "89"]
[EventDate "2020.01.11"]
[EventType "tourn"]
[EventRounds "13"]
[EventCountry "NED"]
[SourceTitle "Ajedrez en Madrid"]
[Source "lmi"]
[SourceDate "2020.01.11"]
[SourceVersion "1"]
[SourceVersionDate "2020.01.19"]
[SourceQuality "1"]

1. e4 e5 2. Nf3 Nc6 3. Bb5 a6 4. Ba4 Nf6 5. O-O Nxe4 6. d4 b5 7. Bb3 d5 8. dxe5
Be6 9. Nbd2 Nc5 10. c3 Be7 11. Bc2 d4 12. Nb3 d3 13. Bb1 Nxb3 14. axb3 Bf5 15.
Be3 O-O 16. Re1 Qd5 17. Bd4 Rfd8 18. Re3 Nxd4 19. cxd4 c5 20. Bxd3 cxd4 21. Re2
Qe6 22. h3 Bg6 23. Ne1 a5 24. Kh2 h6 25. Bxg6 Qxg6 26. Qd3 Qxd3 27. Nxd3 a4 28.
Rc2 axb3 29. Rcc1 Ra4 30. Kg3 f6 31. exf6 Bxf6 32. Re1 Rc8 33. Rad1 Kf7 34. Kf4
Rc2 35. Kf3 Ra7 36. Re4 Rac7 37. g3 R7c6 38. h4 Re6 39. Ra1 Rxe4 40. Kxe4 Re2+
41. Kd5 Rd2 42. Ra7+ Ke8 43. Ke4 Re2+ 44. Kd5 Rd2 45. Ke4 1/2-1/2

[Event "Tata Steel Chess 2020 GM-B"]
[Site "Wijk aan Zee NED"]
[Date "2020.01.13"]
[Round "3.3"]
[White "Grandelius, Nils"]
[Black "Eljanov, Pavel"]
[Result "1/2-1/2"]
[WhiteElo "2673"]
[BlackElo "2650"]
[PlyCount "89"]
[EventDate "2020.01.11"]
[EventType "tourn"]
[EventRounds "13"]
[EventCountry "NED"]
[SourceTitle "Ajedrez en Madrid"]
[Source "lmi"]
[SourceDate "2020.01.11"]
[SourceVersion "1"]
[SourceVersionDate "2020.01.19"]
[SourceQuality "1"]

1. e4 e5 2. Nf3 Nc6 3. Bb5 Nf6 4. d3 Bc5 5. c3 d5 6. exd5 Qxd5 7. Bc4 Qd6 8.
Nbd2 O-O 9. b4 Bb6 10. O-O Bf5 11. Qc2 Rad8 12. a4 a5 13. b5 Ne7 14. Qb3 Ng6
15. Ba3 Bc5 16. Bxc5 Qxc5 17. d4 exd4 18. cxd4 Qd6 19. Rfe1 Nf4 20. Ne5 N4d5
21. Ndf3 h6 22. Rac1 Rfe8 23. h3 Be6 24. Nd3 Nd7 25. Qd1 N7b6 26. Bb3 Nf4 27.
Nxf4 Bxb3 28. Qxb3 Qxf4 29. Qc3 Rxe1+ 30. Rxe1 Qd6 31. Qxa5 Ra8 32. Qd2 Nxa4
33. Ra1 Qd8 34. Qc2 Nb6 35. Rxa8 Nxa8 36. Qe4 Qc8 37. Qe7 f6 38. Nh4 Nb6 39.
Ng6 Qd7 40. Qf8+ Kh7 41. Ne7 Qe6 42. Qd8 c6 43. bxc6 bxc6 44. Qe8 f5 45. Qxc6
1/2-1/2

[Event "Tata Steel Chess 2020 GM-B"]
[Site "Wijk aan Zee NED"]
[Date "2020.01.13"]
[Round "3.4"]
[White "Nihal, Sarin"]
[Black "Smirnov, Anton"]
[Result "1/2-1/2"]
[WhiteElo "2618"]
[BlackElo "2604"]
[PlyCount "60"]
[EventDate "2020.01.11"]
[EventType "tourn"]
[EventRounds "13"]
[EventCountry "NED"]
[SourceTitle "Ajedrez en Madrid"]
[Source "lmi"]
[SourceDate "2020.01.11"]
[SourceVersion "1"]
[SourceVersionDate "2020.01.19"]
[SourceQuality "1"]

1. d4 d5 2. c4 c6 3. cxd5 cxd5 4. Bg5 h6 5. Bh4 Qb6 6. Nc3 e6 7. Qd2 Nc6 8. e3
Nge7 9. Bd3 Bd7 10. Nf3 g5 11. Bg3 Bg7 12. Rc1 a6 13. Na4 Qd8 14. Nc5 Bc8 15.
b4 O-O 16. O-O Nf5 17. a3 Nxg3 18. hxg3 g4 19. Nh4 Ne7 20. Bb1 f5 21. Nd3 Bd7
22. Nf4 Rc8 23. f3 Rxc1 24. Rxc1 gxf3 25. gxf3 Nc6 26. Kf2 Rf7 27. Nd3 b6 28.
Ng2 Be8 29. Ngf4 Qd6 30. Bc2 Nd8 1/2-1/2

[Event "Tata Steel Chess 2020 GM-B"]
[Site "Wijk aan Zee NED"]
[Date "2020.01.13"]
[Round "3.5"]
[White "Keymer, Vincent"]
[Black "Warmerdam, Max"]
[Result "1/2-1/2"]
[WhiteElo "2527"]
[BlackElo "2498"]
[PlyCount "90"]
[EventDate "2020.01.11"]
[EventType "tourn"]
[EventRounds "13"]
[EventCountry "NED"]
[SourceTitle "Ajedrez en Madrid"]
[Source "lmi"]
[SourceDate "2020.01.11"]
[SourceVersion "1"]
[SourceVersionDate "2020.01.19"]
[SourceQuality "1"]

1. Nf3 Nf6 2. c4 e6 3. Nc3 d5 4. e3 c5 5. cxd5 exd5 6. Bb5+ Nbd7 7. O-O a6 8.
Be2 Bd6 9. b3 O-O 10. d4 b5 11. dxc5 Nxc5 12. Ba3 Bb7 13. Rc1 Rc8 14. Nd4 Re8
15. Bg4 Nxg4 16. Qxg4 h5 17. Qd1 Qf6 18. Nce2 h4 19. h3 Qg6 20. Nf4 Bxf4 21.
Bxc5 Bb8 22. Qg4 Qxg4 23. hxg4 g6 24. Rfe1 Re4 25. f3 Ree8 26. b4 Bg3 27. Red1
Rxe3 28. Nf5 Rxc5 29. Nxe3 Rxc1 30. Rxc1 Bf4 31. Re1 d4 32. Nf1 Bd5 33. Re8+
Kg7 34. Rd8 Bxa2 35. Rxd4 Be5 36. Re4 Bc3 37. g5 h3 38. Ne3 Bb1 39. Nd5 Bxe4
40. Nxc3 Bc6 41. gxh3 Bxf3 42. Kf2 Bb7 43. Ke3 f6 44. Kf4 fxg5+ 45. Kxg5 a5
1/2-1/2

[Event "Tata Steel Chess 2020 GM-B"]
[Site "Wijk aan Zee NED"]
[Date "2020.01.13"]
[Round "3.6"]
[White "L'Ami, Erwin"]
[Black "Van Foreest, Lucas"]
[Result "1/2-1/2"]
[WhiteElo "2606"]
[BlackElo "2523"]
[PlyCount "75"]
[EventDate "2020.01.11"]
[EventType "tourn"]
[EventRounds "13"]
[EventCountry "NED"]
[SourceTitle "Ajedrez en Madrid"]
[Source "lmi"]
[SourceDate "2020.01.11"]
[SourceVersion "1"]
[SourceVersionDate "2020.01.19"]
[SourceQuality "1"]

1. e4 e5 2. Nf3 Nc6 3. Bb5 Nf6 4. O-O Nxe4 5. Re1 Nd6 6. Nxe5 Be7 7. Bf1 Nxe5
8. Rxe5 O-O 9. Nc3 Ne8 10. Nd5 Bd6 11. Re1 c6 12. Ne3 Be7 13. Nf5 Bf6 14. Qe2
Kh8 15. Ne7 Nc7 16. Nxc8 Qxc8 17. c3 d5 18. d4 Re8 19. Be3 Bg5 20. Qf3 Bxe3 21.
fxe3 f5 22. Bd3 g6 23. g4 fxg4 24. Qf6+ Kg8 25. e4 dxe4 26. Bxe4 Qe6 27. Qf4
Qd7 28. Bd3 Kg7 29. Re5 Nd5 30. Qg5 Qd8 31. Qxg4 Rxe5 32. dxe5 Ne3 33. Qf4 Qxd3
34. Qf6+ Kh6 35. Qh4+ Kg7 36. Qf6+ Kh6 37. Qh4+ Kg7 38. Qf6+ 1/2-1/2

[Event "Tata Steel Chess 2020 GM-B"]
[Site "Wijk aan Zee NED"]
[Date "2020.01.13"]
[Round "3.7"]
[White "Anton Guijarro, David"]
[Black "Mamedov, Rauf"]
[Result "1/2-1/2"]
[WhiteElo "2694"]
[BlackElo "2659"]
[PlyCount "64"]
[EventDate "2020.01.11"]
[EventType "tourn"]
[EventRounds "13"]
[EventCountry "NED"]
[SourceTitle "Ajedrez en Madrid"]
[Source "lmi"]
[SourceDate "2020.01.11"]
[SourceVersion "1"]
[SourceVersionDate "2020.01.19"]
[SourceQuality "1"]

1. d4 d5 2. c4 c6 3. Nf3 Nf6 4. Nc3 dxc4 5. a4 Bf5 6. e3 e6 7. Bxc4 Bb4 8. O-O
Nbd7 9. Qe2 O-O 10. e4 Bg6 11. Bd3 Bh5 12. e5 Nd5 13. Nxd5 cxd5 14. Qe3 Be7 15.
Ng5 Bxg5 16. Qxg5 Qxg5 17. Bxg5 Nb8 18. Bd2 Nc6 19. Bc3 a5 20. Ra3 Bg6 21. Bb5
Rfc8 22. h4 h5 23. Rfa1 b6 24. f3 f6 25. exf6 gxf6 26. Re1 Kf7 27. Raa1 Rc7 28.
Rac1 Rac8 29. Ba6 Ra8 30. Bb5 Rac8 31. Ba6 Ra8 32. Bb5 Rac8 1/2-1/2

[Event "Tata Steel Chess 2020 GM-B"]
[Site "Wijk aan Zee NED"]
[Date "2020.01.14"]
[Round "4.1"]
[White "Van Foreest, Lucas"]
[Black "Keymer, Vincent"]
[Result "1/2-1/2"]
[WhiteElo "2523"]
[BlackElo "2527"]
[PlyCount "116"]
[EventDate "2020.01.11"]
[EventType "tourn"]
[EventRounds "13"]
[EventCountry "NED"]
[SourceTitle "Ajedrez en Madrid"]
[Source "lmi"]
[SourceDate "2020.01.11"]
[SourceVersion "1"]
[SourceVersionDate "2020.01.19"]
[SourceQuality "1"]

1. e4 c6 2. Nf3 d5 3. Nc3 dxe4 4. Nxe4 Nf6 5. Qe2 Nxe4 6. Qxe4 Nd7 7. Bc4 Nf6
8. Qe2 Bf5 9. d4 e6 10. O-O h6 11. Bf4 Bd6 12. Be5 O-O 13. h3 Nd5 14. c3 Nf4
15. Qe3 Nd5 16. Qd2 Bxe5 17. Nxe5 Qd6 18. Rfe1 Rad8 19. Rad1 Nb6 20. Bb3 Nd7
21. g4 Bh7 22. Nxd7 Rxd7 23. Re5 Qxe5 24. dxe5 Rxd2 25. Rxd2 Rb8 26. Rd7 Kf8
27. f4 Ke8 28. Bxe6 Bg8 29. f5 fxe6 30. Rxg7 Bf7 31. Rh7 Rd8 32. Rxh6 exf5 33.
gxf5 Bxa2 34. Rh8+ Kd7 35. e6+ Kc8 36. Rh7 Rg8+ 37. Kf2 Rf8 38. Kg3 Bb1 39. Rf7
Re8 40. Kf4 a5 41. h4 Rh8 42. Ke5 a4 43. h5 Rxh5 44. Kd6 Rxf5 45. e7 Rd5+ 46.
Ke6 Ba2 47. Rf8+ Kc7 48. e8=Q Rd8+ 49. Ke5 Rxe8+ 50. Rxe8 c5 51. Rh8 Bb3 52.
Rh1 b5 53. Rh8 Bc4 54. Rh4 Bb3 55. Rf4 Kc6 56. Rf6+ Kc7 57. Rd6 Bc4 58. Rd2 Bb3
1/2-1/2